<?xml version="1.0" encoding="UTF-8"?>
<record
    xmlns:xsi="http://www.w3.org/2001/XMLSchema-instance"
    xsi:schemaLocation="http://www.loc.gov/MARC21/slim http://www.loc.gov/standards/marcxml/schema/MARC21slim.xsd"
    xmlns="http://www.loc.gov/MARC21/slim">

  <leader>00935nam a2200217Ia 4500</leader>
  <controlfield tag="001">14624</controlfield>
  <controlfield tag="003">GE_BSU</controlfield>
  <controlfield tag="008">181216s||||||||xx |||||||||||||| ||und||</controlfield>
  <datafield tag="040" ind1=" " ind2=" ">
    <subfield code="c">GE_BSU</subfield>
  </datafield>
  <datafield tag="080" ind1=" " ind2=" ">
    <subfield code="a">621.316.002(035)</subfield>
  </datafield>
  <datafield tag="100" ind1=" " ind2=" ">
    <subfield code="a">&#x420;&#x44F;&#x431;&#x446;&#x435;&#x432;,&#x42E;.&#x418;. &#x422;&#x438;&#x440;&#x430;&#x43D;&#x43E;&#x432;&#x441;&#x43A;&#x438;&#x439;,&#x413;.&#x413;.</subfield>
  </datafield>
  <datafield tag="245" ind1=" " ind2=" ">
    <subfield code="a">&#x421;&#x43F;&#x440;&#x430;&#x432;&#x43E;&#x447;&#x43D;&#x438;&#x43A; &#x43F;&#x43E; &#x43C;&#x43E;&#x43D;&#x442;&#x430;&#x436;&#x443; &#x440;&#x430;&#x441;&#x43F;&#x440;&#x435;&#x434;&#x435;&#x43B;&#x438;&#x442;&#x435;&#x43B;&#x44C;&#x43D;&#x44B;&#x445; &#x443;&#x441;&#x442;&#x440;&#x43E;&#x438;&#x441;&#x442;&#x432; &#x432;&#x44B;&#x448;&#x435; 1000 &#x412; &#x43D;&#x430; &#x44D;&#x43B;&#x435;&#x43A;&#x442;&#x440;&#x43E;&#x441;&#x442;&#x430;&#x43D;&#x446;&#x438;&#x44F;&#x445; &#x438; &#x43F;&#x43E;&#x434;&#x441;&#x442;&#x430;&#x43D;&#x446;&#x438;&#x44F;&#x445;.</subfield>
  </datafield>
  <datafield tag="245" ind1=" " ind2=" ">
    <subfield code="c">&#x41F;&#x43E;&#x434; &#x440;&#x435;&#x434;. &#x41D;.&#x410;.&#x418;&#x432;&#x430;&#x43D;&#x43E;&#x432;&#x430;, &#x421;.&#x413;.&#x41B;&#x44F;&#x443;&#x435;&#x440;&#x430;, &#x41D;.&#x413;.&#x42D;&#x442;&#x443;&#x441;&#x430;.</subfield>
  </datafield>
  <datafield tag="250" ind1=" " ind2=" ">
    <subfield code="a">2-&#x435; &#x438;&#x437;&#x434;. &#x43F;&#x435;&#x440;&#x435;&#x430;&#x431;. &#x438; &#x434;&#x43E;&#x43F;.</subfield>
  </datafield>
  <datafield tag="260" ind1=" " ind2=" ">
    <subfield code="a">&#x41C;.</subfield>
  </datafield>
  <datafield tag="260" ind1=" " ind2=" ">
    <subfield code="b">&#x42D;&#x43D;&#x435;&#x440;&#x433;&#x438;&#x44F;.</subfield>
  </datafield>
  <datafield tag="260" ind1=" " ind2=" ">
    <subfield code="c">1979.</subfield>
  </datafield>
  <datafield tag="300" ind1=" " ind2=" ">
    <subfield code="a">344 &#x441;&#x442;&#x440;. 20 &#x441;&#x43C;. &#x441; &#x438;&#x43B;&#x43B;.</subfield>
  </datafield>
  <datafield tag="653" ind1=" " ind2=" ">
    <subfield code="a">&#x421;&#x43F;&#x440;&#x430;&#x432;&#x43E;&#x447;&#x43D;&#x438;&#x43A; &#x43F;&#x43E; &#x43C;&#x43E;&#x43D;&#x442;&#x430;&#x436;&#x443; &#x440;&#x430;&#x441;&#x43F;&#x440;&#x435;&#x434;&#x435;&#x43B;&#x438;&#x442;&#x435;&#x43B;&#x44C;&#x43D;&#x44B;&#x445; &#x443;&#x441;&#x442;&#x440;&#x43E;&#x438;&#x441;&#x442;&#x432; &#x432;&#x44B;&#x448;&#x435; 1000 &#x412; &#x43D;&#x430; &#x44D;&#x43B;&#x435;&#x43A;&#x442;&#x440;&#x43E;&#x441;&#x442;&#x430;&#x43D;&#x446;&#x438;&#x44F;&#x445; &#x438; &#x43F;&#x43E;&#x434;&#x441;&#x442;&#x430;&#x43D;&#x446;&#x438;&#x44F;&#x445;.</subfield>
  </datafield>
  <datafield tag="942" ind1=" " ind2=" ">
    <subfield code="c">BK</subfield>
  </datafield>
  <datafield tag="999" ind1=" " ind2=" ">
    <subfield code="c">47753</subfield>
    <subfield code="d">47753</subfield>
  </datafield>
  <datafield tag="952" ind1=" " ind2=" ">
    <subfield code="0">0</subfield>
    <subfield code="1">0</subfield>
    <subfield code="4">0</subfield>
    <subfield code="7">0</subfield>
    <subfield code="9">62469</subfield>
    <subfield code="d">2018-12-17</subfield>
    <subfield code="p">9804</subfield>
    <subfield code="r">2018-12-17</subfield>
    <subfield code="w">2018-12-17</subfield>
    <subfield code="y">BK</subfield>
  </datafield>
</record>
